| 000 | 00992nac a22003017a 4500 | ||
|---|---|---|---|
| 001 | BR9401767 | ||
| 003 | BR-BrBNA | ||
| 005 | 20240105121438.0 | ||
| 008 | 230509b bl.|||m| |||| 00| 0 por d | ||
| 040 |
_aBR-BrBNA _bpor _cBiblioteca Nacional de Agricultura |
||
| 072 | _aF30; H20 | ||
| 090 | _a0336 BR9401767 | ||
| 110 | 1 |
_aCentro de Pesquisa Agropecuaria de Terras Baixas de Clima Temperado, Pelotas, RS (Brasil) _91554 |
|
| 245 | 1 | _aResultados de pesquisa de soja 1986-1987 | |
| 260 | 3 |
_aPelotas, RS (Brasil): _c1988. |
|
| 300 | _a114 p. | ||
| 490 |
_aDocumentos - Centro de Pesquisa Agropecuaria de Terras Baixas de Clima Temperado (Brazil) _vno. 29 _xISSN 0101-9708 |
||
| 650 | _aSoja | ||
| 650 | _aMelhoramento Genetico Vegetal | ||
| 650 | _aDoenca de Planta | ||
| 650 | _aPratica Cultural | ||
| 650 | _aVariedade | ||
| 650 | _aMicrorganismo | ||
| 650 | _aCamalhao | ||
| 650 | _aIrrigacao | ||
| 909 |
_a202312 _bLúcia Elande _c55 _dLúcia Elande |
||
| 942 |
_2AGRIS _n0 _cMS |
||
| 999 |
_c285353 _d285353 |
||